000 00561nam a22002057a 4500
003 OSt
005 20170705195504.0
008 130119t xxu||||| |||| 00| 0 eng d
020 _a0314151990
040 _aLDCLIB
_cLDCLIB
082 _222
_a340.03
_bBLA
245 _aBlack's Law Dictionary /
_cBryan A. Garner
250 _a8th ed.
260 _aU.S.A :
_bWest publishing co.
_cC2004
300 _axxv, 1810 p. ;
_c26 cm.
504 _aIncludes biographical references.
650 _aDictonary
_96796
700 _aGarner, Bryan A.
_9125
942 _2ddc
_cBK
999 _c5209
_d5209